Trabajo social comunitario: afrontando juntos los desafíos del siglo XXI
Enregistré dans:
| Auteur principal: | |
|---|---|
| Autres auteurs: | |
| Format: | Livre |
| Langue: | espagnol |
| Publié: |
Madrid, España
Alianza
2008
|
| Collection: | Política Social/Servicios Sociales
|
| Sujets: | |
| Tags: |
Ajouter un tag
Pas de tags, Soyez le premier à ajouter un tag!
|
MARC
| LEADER | 00000nam a2200000 a 4500 | ||
|---|---|---|---|
| 001 | UCH1591 | ||
| 003 | CL-VaPUC | ||
| 005 | 20210616115816.0 | ||
| 008 | 090430e20080000SP |||||||||||||||||spa|d | ||
| 999 | |c 333565 |d 333563 | ||
| 020 | |a 9788420648606 | ||
| 040 | |c Pontificia Universidad Católica de Valparaíso | ||
| 082 | 0 | 4 | |a 361.8 FER 2008 |2 21 |
| 100 | 0 | |a Fernández García, Tomás |e autor |9 536082 | |
| 245 | 1 | 0 | |a Trabajo social comunitario: afrontando juntos los desafíos del siglo XXI |
| 260 | 0 | 3 | |a Madrid, España |b Alianza |c 2008 |
| 300 | |a 227 páginas | ||
| 490 | 0 | |a Política Social/Servicios Sociales | |
| 583 | |a last modification |c 20090430 00:00:00 |k Rodrigo Vera | ||
| 650 | 0 | |a Trabajo social |9 307856 | |
| 650 | 0 | |a Acción comunitaria |9 337628 | |
| 650 | 0 | |a Trabajo comunitario |9 337627 | |
| 700 | 0 | |a López Peláez, Antonio |e autor |9 536083 | |
| 942 | |c BK |2 ddc | ||
| 945 | |d 20090430 00:00:00 |a rbrito | ||
| 952 | |0 0 |1 0 |2 ddc |4 0 |6 361_800000000000000_FER_2008 |7 0 |8 A |9 422073 |a BIBGIM |b BIBGIM |d 2019-11-22 |i 4679687 |l 2 |o 361.8 FER 2008 |p 4679687 |r 2025-01-15 |s 2022-09-01 |t 1 |w 2019-11-22 |y BK |k SSL | ||